[Event "Titled Tue 17th Jun Late"]
[Site "chess.com INT"]
[Date "2025.06.17"]
[Round "8"]
[White "Przybylski, Wojciech"]
[Black "Haddouche, Mohamed"]
[Result "0-1"]
[WhiteTitle "FM"]
[BlackTitle "GM"]
[WhiteElo "2340"]
[BlackElo "2490"]
[WhiteFideId "1117599"]
[BlackFideId "7900660"]
[EventDate "2025.06.17"]

1. d4 Nf6 2. g3 g6 3. Bg2 Bg7 4. Nf3 O-O 5. O-O d6 6. Re1 Nbd7 7. e4 e5 8. c3 b6
9. Nbd2 Bb7 10. a4 a5 11. d5 Nc5 12. Qc2 Ba6 13. c4 Bc8 14. h3 Nh5 15. Nb3 Na6
16. g4 Nf6 17. Bg5 h6 18. Bh4 Bd7 19. Nbd2 Qe8 20. b3 h5 21. g5 Nh7 22. Nf1 Nc5
23. Ne3 f6 24. Kh2 Qe7 25. gxf6 Bxf6 26. Bxf6 Rxf6 27. Rf1 Raf8 28. Kg1 Rf4 29.
Nd2 Ng5 30. Kh2 Nxh3 31. f3 Qh4 32. b4 axb4 33. Nb3 Nxb3 34. Qxb3 Ng5+ 35. Kg1
Nxf3+ 36. Bxf3 Rxf3 37. Rxf3 Rxf3 38. Ra2 Qe1+ 0-1

[Event "Titled Tue 17th Jun Late"]
[Site "chess.com INT"]
[Date "2025.06.17"]
[Round "8"]
[White "Borisov, Yuri"]
[Black "Gimeno Martos, Roberto"]
[Result "1-0"]
[WhiteTitle "FM"]
[BlackTitle "CM"]
[WhiteElo "2285"]
[BlackElo "2090"]
[WhiteFideId "1503928"]
[BlackFideId "2226804"]
[EventDate "2025.06.17"]

1. e4 c5 2. Nc3 Nc6 3. Bc4 e6 4. d3 g6 5. f4 Bg7 6. Nf3 Nge7 7. O-O O-O 8. Qe1
d5 9. Bb3 a6 10. a4 Nd4 11. Nxd4 cxd4 12. Ne2 dxe4 13. dxe4 d3 14. Nc3 dxc2 15.
Bxc2 Nc6 16. Be3 Qa5 17. Qf2 Nb4 18. Bb1 Bd7 19. Bb6 Qh5 20. Bc5 Nc6 21. Bxf8
Bd4 22. Bd6 Bxf2+ 23. Rxf2 Nd4 24. Bd3 Bc6 25. Be5 Nb3 26. Raf1 Nc5 27. Bc2 Nxe4
28. Nxe4 Bxe4 29. Bxe4 Rc8 30. Rd2 Qg4 31. Rfd1 f5 32. Bxb7 Re8 33. Bf3 Qh4 34.
Rd7 Re7 35. g3 1-0

[Event "Titled Tue 17th Jun Late"]
[Site "chess.com INT"]
[Date "2025.06.17"]
[Round "8"]
[White "Caruana, Fabiano"]
[Black "Sarana, Alexey"]
[Result "1-0"]
[WhiteTitle "GM"]
[BlackTitle "GM"]
[WhiteElo "2777"]
[BlackElo "2686"]
[WhiteFideId "2020009"]
[BlackFideId "24133795"]
[EventDate "2025.06.17"]

1. c4 e6 2. g3 d5 3. Bg2 Nf6 4. Nf3 Nc6 5. O-O dxc4 6. Qa4 Bd7 7. Qxc4 e5 8. Nc3
Be7 9. d3 O-O 10. Bd2 Na5 11. Qh4 Ng4 12. Bg5 f6 13. Bd2 Qe8 14. Nd5 Bd8 15. h3
g5 16. Nxg5 fxg5 17. Bxg5 c6 18. Ne7+ Bxe7 19. Bxe7 Nh6 20. Bxf8 Qxf8 21. Qg5+
Qg7 22. Qxg7+ Kxg7 23. b4 Nf5 24. bxa5 Nd4 25. e3 Nb5 26. Rab1 Nd6 27. Rfc1 Rc8
28. Rc5 Kf6 29. f4 exf4 30. gxf4 1-0

[Event "Titled Tue 17th Jun Late"]
[Site "chess.com INT"]
[Date "2025.06.17"]
[Round "8"]
[White "Deac, Bogdan-Daniel"]
[Black "Ali, Sebbar"]
[Result "1-0"]
[WhiteTitle "GM"]
[BlackTitle "IM"]
[WhiteElo "2674"]
[BlackElo "2400"]
[WhiteFideId "1226380"]
[BlackFideId "8100977"]
[EventDate "2025.06.17"]

1. d4 d5 2. Nf3 Bf5 3. c4 e6 4. Nc3 Nf6 5. Nh4 Bg4 6. h3 Bh5 7. cxd5 Nxd5 8. g3
Be7 9. Ng2 O-O 10. Ne3 Nxc3 11. bxc3 c5 12. Bg2 Nc6 13. d5 exd5 14. Nxd5 Bd6 15.
O-O Re8 16. Re1 Be5 17. f4 Bd6 18. g4 Bg6 19. f5 Bxf5 20. gxf5 Qh4 21. Rf1 Rad8
22. Qc2 Qg3 23. Bf4 Bxf4 24. Nxf4 Re3 25. Rad1 Rde8 26. Qb2 b6 27. Qb5 Na5 28.
Rd3 h6 29. Qxe8+ 1-0

[Event "Titled Tue 17th Jun Late"]
[Site "chess.com INT"]
[Date "2025.06.17"]
[Round "8"]
[White "Thomforde-Toates, Noah"]
[Black "Bacrot, Etienne"]
[Result "1-0"]
[BlackTitle "GM"]
[WhiteElo "2128"]
[BlackElo "2633"]
[WhiteFideId "30951992"]
[BlackFideId "605506"]
[EventDate "2025.06.17"]

1. d4 Nf6 2. Nc3 d5 3. Bf4 a6 4. e3 b5 5. h4 h6 6. Qf3 e6 7. g4 Bb4 8. Ne2 Ne4
9. a3 Bxc3+ 10. Nxc3 Nxc3 11. bxc3 Bb7 12. a4 c6 13. Bd3 Nd7 14. a5 c5 15. Bd6
c4 16. Be2 Nf8 17. Bb4 Ng6 18. Qg3 Ne7 19. Qe5 Rg8 20. g5 Nc6 21. Qf4 e5 22.
dxe5 Nxb4 23. cxb4 d4 24. Rg1 hxg5 25. Rxg5 d3 26. e6 f6 27. Bh5+ Kf8 28. O-O-O
Qe7 29. c3 Qxe6 30. Rdg1 Rd8 31. Kd2 Qd6 32. Rxg7 Rxg7 33. Qh6 1-0

[Event "Titled Tue 17th Jun Late"]
[Site "chess.com INT"]
[Date "2025.06.17"]
[Round "8"]
[White "Akopyan, Harutyun"]
[Black "Noroozi, Omid"]
[Result "0-1"]
[WhiteTitle "FM"]
[BlackTitle "IM"]
[WhiteElo "2240"]
[BlackElo "2266"]
[WhiteFideId "2012014"]
[BlackFideId "12501190"]
[EventDate "2025.06.17"]

1. e4 c5 2. Nf3 d6 3. d4 cxd4 4. Qxd4 Nc6 5. Bb5 a6 6. Bxc6+ bxc6 7. c4 e5 8.
Qd3 Ne7 9. Nc3 Ng6 10. O-O Be7 11. Ne1 O-O 12. Nc2 f5 13. f3 Bg5 14. Be3 Bxe3+
15. Qxe3 Nf4 16. Rad1 Qg5 17. Rd2 Be6 18. b3 Rad8 19. Kh1 Qg6 20. g3 Nh3 21.
Rfd1 fxe4 22. Nxe4 d5 23. Nc5 Bf5 24. Nb4 e4 25. f4 Bg4 26. Rf1 Bf3+ 27. Rxf3
exf3 28. Qxf3 Qb1+ 29. Kg2 Qg1+ 30. Kxh3 Qxc5 31. Nd3 Qd4 32. c5 Qe4 33. Qh5 Rf5
34. Qg4 h5 35. Qh4 Re8 36. Ne5 Rexe5 37. fxe5 Qxh4+ 38. Kxh4 Rxe5 39. Rf2 d4 40.
Rf4 Rd5 0-1

[Event "Titled Tue 17th Jun Late"]
[Site "chess.com INT"]
[Date "2025.06.17"]
[Round "8"]
[White "Ferrara, Enzo"]
[Black "Salonen, Aku"]
[Result "0-1"]
[BlackTitle "FM"]
[WhiteElo "2138"]
[BlackElo "2330"]
[WhiteFideId "137731"]
[BlackFideId "517577"]
[EventDate "2025.06.17"]

1. d4 Nf6 2. c4 e6 3. Nc3 Bb4 4. e3 O-O 5. Ne2 Re8 6. a3 Bf8 7. Ng3 d5 8. b4 a5
9. b5 c5 10. bxc6 Nxc6 11. Bd2 e5 12. dxe5 Nxe5 13. cxd5 Nxd5 14. Bb5 Bd7 15.
Be2 Bc6 16. O-O Qh4 17. Nf5 Qg5 18. Nd4 Nxc3 19. Nxc6 Nxd1 20. Nxe5 Qxe5 21.
Rfxd1 Bd6 22. g3 Red8 23. Rdb1 Bxa3 24. Be1 Bb4 25. Bxb4 axb4 26. Rxa8 Rxa8 27.
Rxb4 Qd5 28. e4 Qd2 0-1

[Event "Titled Tue 17th Jun Late"]
[Site "chess.com INT"]
[Date "2025.06.17"]
[Round "8"]
[White "Drygalov, Sergey"]
[Black "Rosen, Eric"]
[Result "1-0"]
[WhiteTitle "GM"]
[BlackTitle "IM"]
[WhiteElo "2560"]
[BlackElo "2377"]
[WhiteFideId "24171743"]
[BlackFideId "2032562"]
[EventDate "2025.06.17"]

1. d4 e6 2. c4 d5 3. Nf3 Nf6 4. Nc3 Nbd7 5. Bf4 Bb4 6. e3 c5 7. Bd3 cxd4 8. exd4
dxc4 9. Bxc4 Nb6 10. Bd3 Nbd5 11. Bd2 O-O 12. O-O b6 13. Qc2 Be7 14. a3 Bb7 15.
Rad1 Rc8 16. Ne5 Nxc3 17. bxc3 Qd5 18. f3 Rfd8 19. a4 Qa5 20. Rfe1 Ba6 21. Be4
Nxe4 22. Qxe4 Bc4 23. Nc6 Rxc6 24. Qxc6 Bd5 25. Qc7 Qxa4 26. Qxe7 Re8 27. Qh4 a5
28. Qg3 Qc4 29. Bh6 g6 30. Qe5 f6 31. Qxf6 Qc7 32. c4 Bxc4 33. d5 Bxd5 34. Rxd5
Rd8 35. Rxd8+ Qxd8 36. Qg7# 1-0

[Event "Titled Tue 17th Jun Late"]
[Site "chess.com INT"]
[Date "2025.06.17"]
[Round "8"]
[White "Askarov, Bakhtiyar"]
[Black "Jarmula, Lukasz"]
[Result "1-0"]
[WhiteTitle "IM"]
[BlackTitle "GM"]
[WhiteElo "2297"]
[BlackElo "2440"]
[WhiteFideId "13701100"]
[BlackFideId "1160664"]
[EventDate "2025.06.17"]

1. d4 Nf6 2. Nf3 d6 3. Bf4 c5 4. e3 Qb6 5. Qc1 g6 6. Nbd2 Bg7 7. c3 O-O 8. h3
cxd4 9. exd4 Nc6 10. Be2 e5 11. Nc4 Qc7 12. Bh2 Nd5 13. O-O b5 14. Ne3 Nxe3 15.
Qxe3 b4 16. dxe5 dxe5 17. cxb4 Qb6 18. b5 Nd4 19. Nxd4 exd4 20. Qd2 Bf5 21. Bd3
Bxd3 22. Qxd3 a6 23. a4 h5 24. Rfc1 axb5 25. Qxb5 Qxb5 26. axb5 Bh6 27. Rd1 Rxa1
28. Rxa1 Re8 29. b6 Re7 30. Bc7 d3 31. b7 d2 32. b8=Q+ Kh7 33. Ba5 1-0

[Event "Titled Tue 17th Jun Late"]
[Site "chess.com INT"]
[Date "2025.06.17"]
[Round "8"]
[White "Mecit, Emre"]
[Black "Wanyama, Harold"]
[Result "1-0"]
[BlackTitle "FM"]
[WhiteElo "2007"]
[BlackElo "2143"]
[WhiteFideId "6304214"]
[BlackFideId "10000380"]
[EventDate "2025.06.17"]

1. e4 c5 2. Nf3 e6 3. d4 cxd4 4. c3 dxc3 5. Nxc3 Nc6 6. Bc4 Nge7 7. Qe2 Qc7 8.
O-O a6 9. a4 h6 10. Rd1 d6 11. Bf4 Ng6 12. Bg3 Be7 13. Rac1 Qb8 14. h4 Nge5 15.
Nxe5 dxe5 16. Qh5 O-O 17. Rd2 Kh7 18. Rcd1 g6 19. Qe2 h5 20. Qe3 Qa7 21. Qe1 Bf6
22. Kh1 Kg7 23. f3 Qb6 24. Bf2 Nd4 25. f4 Rd8 26. Qg1 1-0

[Event "Titled Tue 17th Jun Late"]
[Site "chess.com INT"]
[Date "2025.06.17"]
[Round "8"]
[White "Bogaudinov, Rushan"]
[Black "Tang, Benjamin"]
[Result "0-1"]
[WhiteTitle "FM"]
[BlackTitle "FM"]
[WhiteElo "1912"]
[BlackElo "2132"]
[WhiteFideId "4129288"]
[BlackFideId "30964342"]
[EventDate "2025.06.17"]

1. g3 e5 2. Bg2 d5 3. d4 exd4 4. Qxd4 Nf6 5. Nf3 c5 6. Qe5+ Be7 7. O-O Nc6 8.
Qg5 h6 9. Qd2 O-O 10. b3 Ne4 11. Qd1 Bf6 12. c3 Nxc3 13. Nxc3 Bxc3 14. Rb1 Bf5
15. Bb2 Bxb1 16. Bxc3 Be4 17. Qa1 d4 18. Bd2 Re8 19. Re1 Qd5 20. Nh4 Bxg2 21.
Nxg2 Ne5 22. Nf4 Qd6 23. Qb1 Rad8 24. Qf5 d3 25. Qe4 dxe2 26. Rxe2 Qa6 27. Bc3
Ng6 28. Qxe8+ Rxe8 29. Rxe8+ Kh7 30. Nxg6 Qxg6 31. Re7 Qb1+ 32. Kg2 Kg6 33. h4
h5 34. Re5 f6 35. Rxc5 Qxa2 36. b4 Qe6 37. Bd2 b6 38. Rc7 Qd5+ 39. Kg1 Qxd2 40.
Rxa7 Qxb4 41. Rd7 Qe1+ 42. Kg2 Qe4+ 43. Kg1 b5 44. Rd8 b4 45. Rb8 Qe6 46. Kg2 b3
47. f3 Qe2+ 48. Kh3 Qxf3 49. Rb4 Qh1# 0-1

[Event "Titled Tue 17th Jun Late"]
[Site "chess.com INT"]
[Date "2025.06.17"]
[Round "8"]
[White "Yang, Daniel"]
[Black "Mizzi, Jack"]
[Result "1/2-1/2"]
[WhiteTitle "CM"]
[BlackTitle "CM"]
[WhiteElo "2198"]
[BlackElo "2107"]
[WhiteFideId "30976340"]
[BlackFideId "5602521"]
[EventDate "2025.06.17"]

1. Nf3 Nf6 2. g3 b6 3. Bg2 Bb7 4. O-O g6 5. c4 c5 6. Nc3 Bg7 7. d4 cxd4 8. Nxd4
Bxg2 9. Kxg2 O-O 10. b3 Nc6 11. Bb2 Qc8 12. Nd5 Qb7 13. Nxc6 dxc6 14. Nxf6+ Bxf6
15. Bxf6 exf6 16. Qd6 Kg7 17. Rad1 Rfe8 18. e3 a5 19. Qd7 Rab8 20. Rd6 c5+ 21.
Kg1 Qf3 22. Qc7 Rec8 23. Qd7 h5 24. Rd2 h4 25. Qd5 Qg4 26. f3 Qh3 27. g4 f5 28.
Qe5+ Kh7 29. Rd7 Rf8 30. g5 Rbe8 31. Rxf7+ Rxf7 32. Qxe8 Rg7 33. Qe5 Rd7 34. Qe6
Rd2 35. Qf7+ Kh8 1/2-1/2

[Event "Titled Tue 17th Jun Late"]
[Site "chess.com INT"]
[Date "2025.06.17"]
[Round "8"]
[White "Yanev, Tihomir"]
[Black "Brancaleoni, Maurizio"]
[Result "1-0"]
[WhiteTitle "IM"]
[BlackTitle "FM"]
[WhiteElo "2354"]
[BlackElo "2185"]
[WhiteFideId "2910110"]
[BlackFideId "803022"]
[EventDate "2025.06.17"]

1. d4 Nf6 2. Nf3 b6 3. g3 Bb7 4. Bg2 g6 5. O-O Bg7 6. c4 O-O 7. Nc3 Ne4 8. Bd2
d6 9. Rc1 Nd7 10. d5 Nxd2 11. Qxd2 c5 12. dxc6 Bxc6 13. Nd5 Rc8 14. e4 Nc5 15.
Nd4 Bxd4 16. Qxd4 e5 17. Qd2 Ne6 18. Nb4 Nd4 19. Nc2 Nxc2 20. Rxc2 Qe7 21. Rd1
Rfd8 22. Qb4 Qe6 23. Rcd2 Bb7 24. b3 Rc5 25. Rd3 Qe7 26. Qd2 Rc6 27. h4 h5 28.
Qh6 Qf6 29. Rf3 Qg7 30. Qg5 Qf8 31. g4 hxg4 32. Qxg4 Bc8 33. Qg5 Be6 34. h5 Kg7
35. Qf6+ Kg8 36. hxg6 d5 37. Rh3 Qg7 38. Qxd8+ Qf8 39. Rh8+ 1-0

[Event "Titled Tue 17th Jun Late"]
[Site "chess.com INT"]
[Date "2025.06.17"]
[Round "8"]
[White "Kostov, Deyan Samuil"]
[Black "Marchesich, Giovanni"]
[Result "0-1"]
[WhiteTitle "FM"]
[BlackTitle "CM"]
[WhiteElo "2352"]
[BlackElo "2189"]
[WhiteFideId "30909015"]
[BlackFideId "2824790"]
[EventDate "2025.06.17"]

1. d4 c5 2. d5 e5 3. c4 d6 4. e4 Be7 5. Nf3 Nf6 6. Nc3 O-O 7. h3 Nbd7 8. Be2 a6
9. a4 Rb8 10. Be3 Ne8 11. g4 Nc7 12. h4 Nf6 13. Nd2 b5 14. g5 Nfe8 15. axb5 axb5
16. cxb5 Bd7 17. Ra7 Nxb5 18. Nxb5 Bxb5 19. Bxb5 Rxb5 20. Qc2 Ra5 21. Rxa5 Qxa5
22. O-O Nc7 23. Nb3 Qb4 24. Bd2 Qb5 25. Ra1 Rb8 26. Ra3 Qe2 27. Ra7 Bf8 28. Rxc7
Qg4+ 29. Kf1 Qxh4 30. Na5 Qh1+ 31. Ke2 Qh5+ 32. Kd3 Qf3+ 33. Be3 c4+ 34. Nxc4 f5
35. Kc3 f4 36. Qa4 fxe3 37. fxe3 Qxe4 38. Qc6 Qb1 39. Qd7 Qc1+ 40. Kd3 Rb3+ 41.
Ke2 Qc2+ 42. Kf3 Qd1+ 43. Ke4 Qh1+ 44. Kf5 Qf3+ 45. Ke6 Qg4# 0-1

[Event "Titled Tue 17th Jun Late"]
[Site "chess.com INT"]
[Date "2025.06.17"]
[Round "8"]
[White "Ibarra Carlos Roberto"]
[Black "Ismayilova, Khanim"]
[Result "1-0"]
[WhiteTitle "FM"]
[BlackTitle "WCM"]
[WhiteElo "2116"]
[BlackElo "1971"]
[WhiteFideId "6707173"]
[BlackFideId "13429019"]
[EventDate "2025.06.17"]

1. d4 d5 2. e3 e6 3. Bd3 Nf6 4. f4 Bd6 5. Nf3 c5 6. c3 b6 7. Qe2 O-O 8. Ne5 Nbd7
9. Nd2 Bb7 10. O-O Ne4 11. Nxe4 dxe4 12. Bc4 Qe7 13. b3 f5 14. Bb2 Bd5 15. Bb5
Bxe5 16. fxe5 cxd4 17. exd4 a6 18. Bxd7 Qxd7 19. c4 Bb7 20. Rad1 b5 21. Ba3 Rfd8
22. Bd6 Rac8 23. d5 bxc4 24. bxc4 Qf7 25. Qd2 Qg6 26. Qd4 Rd7 27. Rb1 Qf7 28.
Rfd1 h6 29. Rb6 Qg6 30. Bb4 exd5 31. Rxg6 Rxc4 32. Qxc4 dxc4 33. Rxd7 e3 34.
Rgxg7+ 1-0

[Event "Titled Tue 17th Jun Late"]
[Site "chess.com INT"]
[Date "2025.06.17"]
[Round "8"]
[White "Papacek, Stepan"]
[Black "Jiganchine, Roman"]
[Result "0-1"]
[WhiteTitle "FM"]
[BlackTitle "CM"]
[WhiteElo "2225"]
[BlackElo "2205"]
[WhiteFideId "301035"]
[BlackFideId "2603667"]
[EventDate "2025.06.17"]

1. e4 e5 2. Nc3 Nf6 3. Nf3 Nc6 4. d4 exd4 5. Nxd4 Nxe4 6. Nxe4 Qe7 7. f3 d5 8.
Bb5 Bd7 9. Bxc6 bxc6 10. O-O dxe4 11. fxe4 O-O-O 12. Qe2 Kb8 13. Rf3 Qc5 14.
Rb3+ Ka8 15. Be3 Qa5 16. Qc4 Bc5 17. Nxc6 Bxe3+ 18. Rxe3 Qb6 19. Nd4 Be6 20.
Qc6+ Qxc6 21. Nxc6 Rd2 22. Ra3 Kb7 23. Nxa7 Rxc2 24. Nb5 Rxb2 25. Nd4 Rd8 26.
Nxe6 fxe6 27. Rb3+ Rxb3 28. axb3 Rd2 0-1

[Event "Titled Tue 17th Jun Late"]
[Site "chess.com INT"]
[Date "2025.06.17"]
[Round "8"]
[White "Mafra, Kaiser Luiz"]
[Black "Sitnic, Adnan"]
[Result "1-0"]
[WhiteTitle "CM"]
[BlackTitle "CM"]
[WhiteElo "2076"]
[BlackElo "2058"]
[WhiteFideId "2106698"]
[BlackFideId "14403854"]
[EventDate "2025.06.17"]

1. d4 Nf6 2. Nc3 d5 3. Bf4 g6 4. Qd2 h6 5. f3 Nh5 6. Be3 Nf6 7. O-O-O Bg7 8. g4
h5 9. g5 Ng8 10. h4 e6 11. Nh3 Ne7 12. Bf4 c6 13. e4 Nd7 14. Bg2 a5 15. Rhe1 a4
16. a3 O-O 17. Bd6 Re8 18. Bxe7 Rxe7 19. exd5 cxd5 20. Nf4 Nb6 21. Bf1 Bd7 22.
Qe3 Bc6 23. Kb1 Re8 24. Qd3 Qd7 25. Bh3 Qc7 26. Nxg6 fxg6 27. Qxg6 Bd7 28. Qxh5
Rf8 29. Rxe6 Nc4 30. g6 Rf6 31. Rxf6 Bxf6 32. Qh7+ Kf8 33. Qf7# 1-0

[Event "Titled Tue 17th Jun Late"]
[Site "chess.com INT"]
[Date "2025.06.17"]
[Round "8"]
[White "Fadi, Marko"]
[Black "Tamames Soria, Cesar Manuel"]
[Result "0-1"]
[WhiteTitle "FM"]
[BlackTitle "IM"]
[WhiteElo "2298"]
[BlackElo "2221"]
[WhiteFideId "10605371"]
[BlackFideId "3529169"]
[EventDate "2025.06.17"]

1. b3 e5 2. Bb2 d6 3. e3 b6 4. d4 Nd7 5. Bb5 Nf6 6. dxe5 dxe5 7. Bxe5 Bb4+ 8. c3
Be7 9. Bc6 Rb8 10. Nf3 O-O 11. Bd4 Ba6 12. c4 Nc5 13. Nc3 Qd6 14. Nd5 Nxd5 15.
Bxd5 c6 16. Be5 Qg6 17. Bxb8 cxd5 18. Bg3 dxc4 19. Ne5 Qf6 20. bxc4 Ne4 21. Nf3
Bxc4 22. Be5 Bb4+ 23. Nd2 Qxe5 24. Qc2 Qxa1+ 0-1

[Event "Titled Tue 17th Jun Late"]
[Site "chess.com INT"]
[Date "2025.06.17"]
[Round "8"]
[White "Bukreev, Stanislav"]
[Black "Avramidou, Anastasia"]
[Result "0-1"]
[WhiteTitle "FM"]
[BlackTitle "FM"]
[WhiteElo "2305"]
[BlackElo "2294"]
[WhiteFideId "34252347"]
[BlackFideId "4239873"]
[EventDate "2025.06.17"]

1. d4 Nf6 2. c4 e6 3. Nf3 d5 4. Nc3 c6 5. e3 Bd6 6. Qc2 Nbd7 7. Bd3 O-O 8. O-O
e5 9. cxd5 cxd5 10. Nb5 Bb8 11. dxe5 Nxe5 12. Nxe5 Bxe5 13. Bd2 Bd7 14. Bc3 Rc8
15. Nd4 Re8 16. Rfe1 Bb8 17. h3 Ne4 18. Bxe4 dxe4 19. Ne2 Qg5 20. Kh1 Qh4 21.
Ng1 g5 22. Rad1 Bf5 23. Rd5 Be6 24. Rd4 Bf5 25. g3 Qh6 26. Kg2 Qe6 27. Qd1 Be5
28. Ra4 Bxc3 29. bxc3 Rxc3 30. Rxa7 Rc7 31. g4 Bg6 32. Ne2 h5 33. Nd4 Qb6 34.
gxh5 Qxa7 35. hxg6 Qb6 36. Qb3 Qxb3 37. Nxb3 fxg6 38. Rd1 Rec8 39. Rd4 Kg7 40.
Na5 Rc2 41. Rxe4 Rxa2 42. Re7+ Kh6 43. Rxb7 Rcc2 44. Rf7 Rxa5 45. Kg3 Rf5 46.
Ra7 Rcxf2 47. h4 gxh4+ 48. Kg4 Rg2+ 49. Kh3 Rg3+ 50. Kxh4 Rxe3 51. Kg4 Re4+ 52.
Kg3 Ref4 53. Ra1 Kg5 54. Rh1 Rg4+ 55. Kh2 Rh4+ 56. Kg2 Rxh1 57. Kxh1 Ra5 58. Kg2
Ra3 59. Kf2 Kf4 60. Ke2 g5 61. Kd2 g4 62. Kc2 Rf3 63. Kb2 g3 0-1

[Event "Titled Tue 17th Jun Late"]
[Site "chess.com INT"]
[Date "2025.06.17"]
[Round "8"]
[White "Barp, Alberto"]
[Black "Kosakowski, Jakub"]
[Result "0-1"]
[WhiteTitle "IM"]
[BlackTitle "GM"]
[WhiteElo "2414"]
[BlackElo "2548"]
[WhiteFideId "872555"]
[BlackFideId "1185080"]
[EventDate "2025.06.17"]

1. Nf3 f5 2. d4 Nf6 3. c4 d6 4. Nc3 g6 5. g3 Bg7 6. Bg2 O-O 7. d5 Na6 8. Nd4 Nc5
9. O-O a5 10. b3 e5 11. dxe6 c6 12. Bb2 Qe7 13. e3 Nxe6 14. Nxe6 Bxe6 15. Qc2
Rad8 16. Rad1 h5 17. h4 Ng4 18. Ne2 Ne5 19. Nf4 Bf7 20. Bc3 a4 21. Rd2 axb3 22.
axb3 g5 23. hxg5 Qxg5 24. Nh3 Qg6 25. Nf4 Qg5 26. Nh3 Qh6 27. Rfd1 h4 28. gxh4
Bh5 29. Bxe5 Bxe5 30. Re1 Bg4 31. f4 Qxh4 32. Nf2 Bf6 33. e4 Rfe8 34. Re3 Bg7
35. Nxg4 fxg4 36. Red3 Qe1+ 37. Kh2 Re6 0-1

[Event "Titled Tue 17th Jun Late"]
[Site "chess.com INT"]
[Date "2025.06.17"]
[Round "8"]
[White "Bardyk, Artem"]
[Black "Zlatin, Alexander"]
[Result "1-0"]
[WhiteTitle "FM"]
[BlackTitle "FM"]
[WhiteElo "2260"]
[BlackElo "2313"]
[WhiteFideId "34349979"]
[BlackFideId "2810549"]
[EventDate "2025.06.17"]

1. e4 e6 2. d4 d5 3. Nc3 dxe4 4. Nxe4 Nd7 5. g3 Ngf6 6. Nxf6+ Nxf6 7. Bg2 c5 8.
Nf3 cxd4 9. Qxd4 Qxd4 10. Nxd4 Bc5 11. Nb3 Bd6 12. O-O Ke7 13. Rd1 Rd8 14. Be3
e5 15. c4 Bg4 16. Rd2 e4 17. Nc5 Bxc5 18. Bxc5+ Ke6 19. Rxd8 Rxd8 20. Bb4 Bf3
21. Re1 Kf5 22. h3 Bxg2 23. Kxg2 h5 24. Bc3 Rc8 25. b3 a6 26. Bxf6 gxf6 27. Rd1
Ke6 28. a4 f5 29. Rd5 Rb8 30. f3 b5 31. axb5 axb5 32. Rxb5 Rxb5 33. cxb5 Kd5 34.
Kf2 Kc5 35. Ke3 Kxb5 36. fxe4 fxe4 37. Kxe4 Kb4 38. Kf5 Kxb3 39. Kg5 Kc4 40.
Kxh5 Kd5 41. Kh6 Ke6 42. Kg7 f5 43. h4 Ke5 44. h5 Ke4 45. h6 Kf3 46. h7 Kxg3 47.
h8=Q f4 48. Qb8 Kg2 49. Qxf4 Kh1 50. Qd2 Kg1 51. Kf6 Kf1 52. Kg5 Kg1 53. Kg4 Kh1
54. Kg3 Kg1 55. Qc1# 1-0

[Event "Titled Tue 17th Jun Late"]
[Site "chess.com INT"]
[Date "2025.06.17"]
[Round "8"]
[White "Araujo Filho, Luiz Antonio Coel"]
[Black "Frischmann, Rick"]
[Result "0-1"]
[BlackTitle "FM"]
[WhiteElo "2077"]
[BlackElo "2355"]
[WhiteFideId "2130661"]
[BlackFideId "24660752"]
[EventDate "2025.06.17"]

1. d4 d5 2. Nf3 Nc6 3. e3 Bg4 4. c4 e5 5. dxe5 dxc4 6. Qa4 Bxf3 7. gxf3 Qd5 8.
Bxc4 Qxf3 9. O-O O-O-O 10. Nd2 Qg4+ 11. Kh1 Nxe5 12. f3 Qh3 13. Be2 Bd6 14. Ne4
Nf6 15. Nxd6+ Rxd6 16. Qxa7 Rhd8 17. Bb5 c6 18. Qa8+ Kc7 19. Qa5+ Kb8 20. Be2
Rd5 21. Qb4 Nh5 22. Kg1 Ng3 23. hxg3 Qxg3+ 24. Kh1 Nd3 25. Qg4 Nf2+ 26. Rxf2
Qxf2 0-1

[Event "Titled Tue 17th Jun Late"]
[Site "chess.com INT"]
[Date "2025.06.17"]
[Round "8"]
[White "Tinmaz, Kerem"]
[Black "Sarkar, Justin"]
[Result "0-1"]
[WhiteTitle "FM"]
[BlackTitle "IM"]
[WhiteElo "2013"]
[BlackElo "2284"]
[WhiteFideId "44559151"]
[BlackFideId "2010011"]
[EventDate "2025.06.17"]

1. c4 e5 2. Nc3 Nf6 3. d3 c6 4. Bg5 h6 5. Bh4 Be7 6. d4 exd4 7. Qxd4 O-O 8. Nf3
d5 9. e3 Be6 10. Rd1 Nbd7 11. cxd5 cxd5 12. Be2 Bc5 13. Qf4 Qa5 14. O-O Bb4 15.
Qd4 Rac8 16. Rc1 a6 17. Rc2 Bf5 18. Bd3 Bxc3 19. Rxc3 Rxc3 20. bxc3 Bxd3 21.
Qxd3 Qxa2 22. Nd4 Qc4 23. Qd2 Ne4 24. Qb2 Ndc5 25. Rc1 Rc8 26. Bg3 Nd3 0-1

[Event "Titled Tue 17th Jun Late"]
[Site "chess.com INT"]
[Date "2025.06.17"]
[Round "8"]
[White "Kobo, Ori"]
[Black "Bazan Romero, Octavio Aaron"]
[Result "1-0"]
[WhiteTitle "GM"]
[BlackTitle "FM"]
[WhiteElo "2493"]
[BlackElo "2289"]
[WhiteFideId "2812320"]
[BlackFideId "20003943"]
[EventDate "2025.06.17"]

1. c4 e5 2. Nc3 Nf6 3. e3 Bb4 4. Nce2 O-O 5. a3 Be7 6. Ng3 d5 7. cxd5 Nxd5 8.
Nf3 Nc6 9. b4 a6 10. Bb2 Bd6 11. Bc4 Nb6 12. Bb3 Qe7 13. Qc2 Be6 14. Rc1 Bxb3
15. Qxb3 Kh8 16. Nf5 Qf6 17. Qc2 Rad8 18. O-O Qg6 19. d4 exd4 20. N3xd4 Nxd4 21.
Bxd4 f6 22. Nxd6 Rxd6 23. Qxg6 hxg6 24. Rxc7 Nd5 25. Rxb7 Rc8 26. Bc5 Re6 27.
Rd1 Nc3 28. Rdd7 Ne4 29. Rxg7 Nxc5 30. bxc5 Rxc5 31. Rh7+ Kg8 32. h3 Rb5 33.
Rbg7+ Kf8 34. Ra7 Kg8 35. Rhg7+ Kh8 36. Rxg6 Reb6 37. Kh2 f5 38. Rxa6 Rxa6 39.
Rxa6 f4 40. exf4 Kh7 41. f3 Rb2 42. Kg3 Rb3 43. a4 Rb7 44. a5 Rg7+ 45. Kh2 Rb7
46. Rb6 Ra7 47. a6 Kg8 48. Rb8+ 1-0

[Event "Titled Tue 17th Jun Late"]
[Site "chess.com INT"]
[Date "2025.06.17"]
[Round "8"]
[White "Uzuner, Tufan Can"]
[Black "Perry, Patrick"]
[Result "1-0"]
[WhiteTitle "CM"]
[WhiteElo "1909"]
[BlackElo "2296"]
[WhiteFideId "6300499"]
[BlackFideId "30917727"]
[EventDate "2025.06.17"]

1. d4 Nf6 2. Nf3 c5 3. c4 g6 4. Nc3 cxd4 5. Nxd4 Bg7 6. e4 Qa5 7. Nb3 Qe5 8. f4
Qc7 9. e5 Ng8 10. Nd5 Qd8 11. Be2 e6 12. Nc3 Ne7 13. Ne4 O-O 14. Nd6 Nf5 15.
Nxf5 gxf5 16. c5 b6 17. Be3 Bb7 18. O-O Qc7 19. Rc1 Nc6 20. Bf3 Kh8 21. Qd2 Rg8
22. Rfd1 Rad8 23. Qf2 bxc5 24. Bxc5 Qb8 25. Bd6 Qa8 26. Nc5 Bf8 27. Nxb7 Qxb7
28. a3 Qb6 29. b4 Bxd6 30. Rxd6 Qa6 31. Qb2 Qb5 32. Rc5 Qb8 33. Bxc6 dxc6 34.
Rcxc6 Rxd6 35. exd6+ Rg7 36. d7 f6 37. Rc8+ Rg8 38. Qxf6# 1-0